Strange and Creepy Facts Quiz Stats

 Plays Quiz Updated Feb 27, 2019

Score 0/20 Timer 05:00
2 Plays Today
% Correct
TV remote control
93%
affair
91.9%
raw oysters
91.6%
drinkers
90.1%
werewolf
88.7%
nipples
86.3%
nuclear warheads
85.5%
serial killers
80.6%
legs
80.2%
mosquitos
79.3%
% Correct
robots
79.3%
falling out of bed
78.7%
iron lungs
77.9%
Twitter
76%
dead rabbits
74.3%
blood donors
74.3%
dead body
73.5%
banana
68.4%
testicle
60.3%
New Yorker
52.3%

You're not logged in!

Compare scores with friends on all Sporcle quizzes.
OR
Log In

Sporcle TV

Today on Sporcle TV


Watch our educational content, quiz creation guides, and fun videos on Sporcle TV.

Show Comments

Extras

Top Quizzes Today


Score Distribution

Your Account Isn't Verified!

In order to create a playlist on Sporcle, you need to verify the email address you used during registration. Go to your Sporcle Settings to finish the process.

Report this User

Report this user for behavior that violates our Community Guidelines.

Details: